Big Country or Little Neighbors Quiz Stats

 Plays Quiz Updated Sep 21, 2018

Score 0/14 Timer 04:00
7 Plays Today
Area Country % Correct
17,098,242 km^2Russia
99.1%
8,514,877 km^2Brazil
93.4%
9,984,670 km^2Canada
91.2%
1,219,090 km^2South Africa
74.2%
243,610 km^2United Kingdom
61.6%
2,149,690 km^2Saudi Arabia
61.6%
1,861,484 km^2Sudan
58.6%
Area Country % Correct
1,648,195 km^2Iran
56%
1,904,569 km^2Indonesia
54.1%
2,381,741 km^2Algeria
52.4%
450,295 km^2Sweden
50.8%
48,670 km^2Dominican Republic
31.9%
130,370 km^2Nicaragua
24.4%
2,345,410 km^2Democratic Republic of the Congo
23.3%

You're not logged in!

Compare scores with friends on all Sporcle quizzes.
OR
Log In

Sporcle TV

Today on Sporcle TV


Watch our educational content, quiz creation guides, and fun videos on Sporcle TV.

Show Comments

Extras

Top Quizzes Today


Score Distribution

Your Account Isn't Verified!

In order to create a playlist on Sporcle, you need to verify the email address you used during registration. Go to your Sporcle Settings to finish the process.

Report this User

Report this user for behavior that violates our Community Guidelines.

Details: